01676nam a2200373 a 4500001000200000003000900002005001700011008004100028020001800069040002500087082002900112100003000141245004600171250000600217260010900223300003600332490001500368500003500383500007100418504002800489505020300517590002600720600004400746600005000790600003300840650005300873650004600926710006000972710007401032910001501106942001201121952015201133999001701285 DO-SdBNP20220126120408.0101014s2009 dr ac r 001 0dspa d a9789945020793 aDO-SdBNPbspacBPMSU a920.72bC343he, 2009222 aCassá, Roberto, d1948-10aHeroínas nacionales /cRoberto Cassá. a  aSanto Domingo :bArchivo General de la Nación :bComisión Permanente de Efemérides Patrias,c2009. a118 p. :bil., retrs. ;c23 cm.0 aJuvenilv2 aIncluye índice onomástico. aIncluye datos biográficos del autor en la solapa de la cubierta. aBibliografía : p. 1080 gPrefacio --tMaría Trinidad Sánchez: la heroína de febrero --tSalomé Ureña de Henríquez: mujer total --tMinerva Mirabal: la revolucionaria --gBibliografía --gÍndice onomástico. aInventariado, 2022/VM14aSánchez, María Trinidad d1794-184514aUreña de Henríquez, Salomé ,d1850-189714aMirabal, Minerva d1926-1960 4aMujeres en la políticazRepública Dominicana 4aMujeresxHistoriazRepública Dominicana2 aArchivo General de la Nación (República Dominicana)2 aComisión Permanente de Efemérides Patria (República Dominicana) a VMateo V. 2ddccBK 00102ddc40708CDaBPMETbBPMETd2022-01-26eFundacón Juan Bosch l0oBPMSU CRD R920.72 C343he, 2009pBPMSU22010073r2022-01-26w2022-01-26yBK c13981d13981